00562 2200193 4500245011300000250001100113100005000124700001900174650001500193650000800208650001400216650001100230005001900241260005500260041001400315084001100329300001900340336000900359 aNuat Bkau b : Gua Hunian Prasejarah di KupangcHeddy Surachman (Pusat Penelitian Arkeologi Nasional)hText aCet. 1 aJatmiko (Pusat Penelitian Arkeologi Nasional) aThomas Sutikna aPrasejarah aGua aNuat Bkau aKupang a20240902104944 aJakartabPusat Penelitian Arkeologi Nasionalc2019 aIndonesia a913.01 a14,8 x 21 cm : atext